[Event "ALG-ch"]
[Site "Ain Tagoura"]
[Date "2020.02.08"]
[Round "8"]
[White "Saim, Mohamed Ilias"]
[Black "Moulay, Mehdi"]
[Result "0-1"]
[WhiteElo "2170"]
[BlackElo "2032"]
[PlyCount "51"]
[EventDate "2020.02.04"]
[EventType "swiss"]
[EventRounds "9"]
[EventCountry "ALG"]
[SourceTitle "CBM 194 Extra"]
[Source "ChessBase"]
[SourceDate "2020.03.31"]
[SourceVersion "1"]
[SourceVersionDate "2020.03.31"]
[SourceQuality "1"]

1. e4 e5 2. Nf3 d6 3. Nc3 c6 4. d4 Nd7 5. a4 Be7 6. Bc4 Ngf6 7. 0-0 0-0 8. Ba2 Qc7 9. h3 h6 10. Re1 Re8 11. Be3 Nf8 12. Nh4 d5 13. exd5 Nxd5 14. Nxd5 cxd5 15. Qh5 Be6 16. Nf5 Bf6 17. c3 e4 18. Ng3 Qd7 19. Qe2 Ng6 20. Nh5 Bf5 21. c4 Bxh3 22. Bd2 Be6 23. Bb3 dxc4 24. Bc2 Bd5 25. Bc3 a6 26. Ng3 0-1

[Event "ALG-ch"]
[Site "Tiaret"]
[Date "2019.08.01"]
[Round "2"]
[White "Ghafoul, Zakaria Abdelrahman"]
[Black "Moulay, Mehdi"]
[Result "1/2-1/2"]
[WhiteElo "1887"]
[BlackElo "2076"]
[PlyCount "55"]
[EventDate "2019.08.01"]
[EventType "swiss"]
[EventRounds "9"]
[EventCountry "ALG"]
[SourceTitle "EXT 2020"]
[Source "ChessBase"]
[SourceDate "2019.10.17"]
[SourceVersion "1"]
[SourceVersionDate "2019.10.17"]
[SourceQuality "1"]

1. e4 e5 2. Bc4 d6 3. h3 Nf6 4. d3 Be7 5. f4 exf4 6. Bxf4 Be6 7. Bb3 c6 8. Nc3 Nbd7 9. Nge2 Bxb3 10. axb3 Nh5 11. 0-0 Nxf4 12. Nxf4 Nf6 13. Nh5 g6 14. Nxf6+ Bxf6 15. Qf3 Bd4+ 16. Kh1 0-0 17. Ra4 Bg7 18. Rfa1 a6 19. Rf1 b5 20. Ra2 Qb6 21. Qf2 Bd4 22. Qg3 Be5 23. Qf2 Qxf2 24. Rxf2 a5 25. Rf1 Bxc3 26. bxc3 Ra7 27. Rf6 Rd8 28. e5 1/2-1/2

[Event "ALG-ch sf"]
[Site "Oran"]
[Date "2018.05.04"]
[Round "7"]
[White "Moulay, Mehdi"]
[Black "Dorbane, Khaled"]
[Result "0-1"]
[WhiteElo "2076"]
[BlackElo "2121"]
[PlyCount "80"]
[EventDate "2018.05.01"]
[EventType "swiss"]
[EventRounds "9"]
[EventCountry "ALG"]
[SourceTitle "CBM 184 Extra"]
[Source "ChessBase"]
[SourceDate "2018.06.28"]
[SourceVersion "1"]
[SourceVersionDate "2018.06.28"]
[SourceQuality "1"]

1. d4 Nf6 2. Nf3 e6 3. Bg5 h6 4. Bh4 c5 5. e3 Nc6 6. c3 b6 7. Nbd2 Be7 8. Bd3 Bb7 9. Qe2 d6 10. 0-0 0-0 11. Rad1 cxd4 12. cxd4 Nb4 13. a3 Nxd3 14. Qxd3 Nh5 15. Bxe7 Qxe7 16. Rc1 Rac8 17. Rfe1 Nf6 18. e4 Qd7 19. h3 Rxc1 20. Rxc1 Rc8 21. Rc3 Rxc3 22. bxc3 Qa4 23. c4 Qd1+ 24. Kh2 Bxe4 25. Qe3 Bxf3 26. Nxf3 Qa4 27. Qd3 Qc6 28. Nd2 d5 29. f3 dxc4 30. Nxc4 Nd5 31. Ne5 Qc3 32. Qb5 Qxa3 33. Qd7 Qe7 34. Qc8+ Kh7 35. Kh1 a5 36. Qa8 g6 37. Qc8 Kg7 38. Ng4 h5 39. Nh6 Qf8 40. Qc2 Kh7 0-1

[Event "Algiers zt 4.1"]
[Site "Algiers"]
[Date "2017.05.12"]
[Round "1"]
[White "Boudriga, Mohamed Ali"]
[Black "Moulay, Mehdi"]
[Result "1-0"]
[WhiteElo "2351"]
[BlackElo "2092"]
[PlyCount "71"]
[EventDate "2017.05.12"]
[EventType "swiss"]
[EventRounds "9"]
[EventCountry "ALG"]
[SourceTitle "CBM 178 Extra"]
[Source "ChessBase"]
[SourceDate "2017.06.22"]
[SourceVersion "1"]
[SourceVersionDate "2017.06.22"]
[SourceQuality "1"]

1. e4 e5 2. Nf3 Nc6 3. Bb5 a6 4. Ba4 Nf6 5. 0-0 b5 6. Bb3 Be7 7. Re1 0-0 8. c3 d6 9. d4 Bg4 10. d5 Na5 11. Bc2 c5 12. Nbd2 h6 13. h3 Bd7 14. b3 Nb7 15. Nf1 Kh7 16. N3h2 g6 17. Ng3 Ng8 18. f4 exf4 19. Bxf4 Bf6 20. Qd2 b4 21. e5 dxe5 22. Bxe5 Bxe5 23. Rxe5 Qf6 24. Nf3 bxc3 25. Qxc3 Qb6 26. Kh1 Rae8 27. Rxe8 Bxe8 28. Nh5 f6 29. Re1 Kh8 30. Nf4 Qc7 31. Ne6 Qd6 32. Nh4 Nd8 33. Nxf8 Qxf8 34. Bxg6 Bd7 35. Bc2 Qd6 36. Qd3 1-0

[Event "ALG Cup"]
[Site "Blida et Alger"]
[Date "2016.10.13"]
[Round "4.18"]
[White "Moulay, Mehdi"]
[Black "Achour, Anis"]
[Result "1-0"]
[WhiteElo "2001"]
[BlackElo "1899"]
[PlyCount "63"]
[EventDate "2016.10.12"]
[EventType "k.o."]
[EventRounds "14"]
[EventCountry "ALG"]
[SourceTitle "EXT 2024"]
[Source "ChessBase"]
[SourceDate "2023.10.10"]
[SourceVersion "1"]
[SourceVersionDate "2023.10.10"]
[SourceQuality "1"]

1. d4 d5 2. Bg5 f6 3. Bh4 c5 4. Nc3 e6 5. e3 Nc6 6. Bb5 Nge7 7. Nf3 a6 8. Bxc6+ Nxc6 9. Ne2 Qb6 10. Rb1 Qa5+ 11. Nd2 Qxa2 12. Nb3 c4 13. Nd2 Qa5 14. 0-0 b5 15. Bg3 Be7 16. e4 dxe4 17. Nxe4 0-0 18. c3 Rd8 19. Qc2 Bb7 20. Nf4 Qb6 21. Nc5 Bxc5 22. dxc5 Qxc5 23. Nxe6 Qd5 24. Nc7 Qxg2+ 25. Kxg2 Nd4+ 26. Kg1 Nf3+ 27. Kg2 Rd2 28. Qxd2 Nxd2+ 29. f3 Nxf1 30. Nxa8 Nxg3 31. hxg3 Bxa8 32. Rd1 1-0

[Event "Algiers op 3rd"]
[Site "Algiers"]
[Date "2015.02.28"]
[Round "9"]
[White "Kadiri, Mustapha Kamel"]
[Black "Moulay, Mehdi"]
[Result "1-0"]
[WhiteElo "1930"]
[BlackElo "2026"]
[PlyCount "44"]
[EventDate "2015.02.22"]
[EventType "swiss"]
[EventRounds "9"]
[EventCountry "ALG"]
[SourceTitle "CBM 165 Extra"]
[Source "ChessBase"]
[SourceDate "2015.04.21"]
[SourceVersion "1"]
[SourceVersionDate "2015.04.21"]
[SourceQuality "1"]

1. d4 d6 2. c4 g6 3. Nc3 Bg7 4. e4 Nf6 5. f3 0-0 6. Be3 c6 7. Qd2 a6 8. Nge2 b5 9. Nc1 bxc4 10. Bxc4 d5 11. Bb3 dxe4 12. Nxe4 Nxe4 13. fxe4 e5 14. Ne2 exd4 15. Nxd4 Qh4+ 16. Qf2 Qxf2+ 17. Bxf2 c5 18. Bd5 Ra7 19. Nb3 Bxb2 20. Rb1 Bc3+ 21. Kd1 Bd4 22. Nxd4 Bg4+ 1-0

[Event "Algiers op 3rd"]
[Site "Algiers"]
[Date "2015.02.23"]
[Round "2"]
[White "Moulay, Mehdi"]
[Black "Bellahcene, Bilel"]
[Result "0-1"]
[WhiteElo "2026"]
[BlackElo "2436"]
[PlyCount "96"]
[EventDate "2015.02.22"]
[EventType "swiss"]
[EventRounds "9"]
[EventCountry "ALG"]
[SourceTitle "CBM 165 Extra"]
[Source "ChessBase"]
[SourceDate "2015.04.21"]
[SourceVersion "1"]
[SourceVersionDate "2015.04.21"]
[SourceQuality "1"]

1. d4 Nf6 2. Nf3 e6 3. Bf4 b6 4. e3 Bb7 5. Nbd2 Be7 6. Bd3 Nh5 7. Bg3 d6 8. c3 Nd7 9. Qc2 h6 10. Be4 d5 11. Bd3 Nxg3 12. hxg3 c5 13. Bb5 Bf6 14. g4 g5 15. Qa4 a6 16. Bxd7+ Qxd7 17. Qxd7+ Kxd7 18. 0-0-0 Ke7 19. Nf1 Bg7 20. Ng3 f6 21. Rhe1 Kf7 22. Kb1 Rad8 23. Rd2 Rhe8 24. Kc2 Bf8 25. a3 a5 26. Red1 c4 27. Re2 Bc6 28. Rde1 Bd6 29. Nf1 Ba4+ 30. Kc1 b5 31. N1d2 b4 32. cxb4 axb4 33. axb4 Bxb4 34. Nb1 Bc6 35. Nfd2 Ra8 36. Nc3 Ra1+ 37. Ndb1 e5 38. dxe5 fxe5 39. Rd1 Rd8 40. f4 gxf4 41. exf4 d4 42. Rxe5 Bxg2 43. Ne2 d3 44. Nec3 Bd6 45. Re4 Bxe4 46. Nxe4 Bxf4+ 47. Ned2 c3 48. bxc3 Rb8 0-1

[Event "ALG-chT"]
[Site "Staoueli"]
[Date "2014.08.22"]
[Round "1"]
[White "Moulay, Mehdi"]
[Black "Samar, Abdelkader"]
[Result "0-1"]
[WhiteElo "2065"]
[BlackElo "1650"]
[PlyCount "130"]
[EventDate "2014.08.22"]
[EventType "team-swiss"]
[EventRounds "9"]
[EventCountry "ALG"]
[SourceTitle "EXT 2016"]
[Source "ChessBase"]
[SourceDate "2015.10.08"]
[SourceVersion "1"]
[SourceVersionDate "2015.10.08"]
[SourceQuality "1"]
[WhiteTeam "Elhillal Sidi Belabbes"]
[BlackTeam "Hadjout USMM"]
[WhiteTeamCountry "ALG"]
[BlackTeamCountry "ALG"]

1. d4 d5 2. Bg5 c6 3. c3 Qb6 4. Qb3 e6 5. Nf3 Nd7 6. Nbd2 Bd6 7. e4 Qxb3 8. axb3 h6 9. Be3 Ne7 10. e5 Bc7 11. Bd3 c5 12. dxc5 Nxe5 13. Nxe5 Bxe5 14. Bd4 Nc6 15. Bb5 Bxd4 16. cxd4 Bd7 17. Nf3 0-0 18. Bxc6 Bxc6 19. Kd2 a6 20. Ne5 Bb5 21. f4 Rfc8 22. b4 Be8 23. Rhe1 f6 24. Nd3 Kh7 25. Re3 Bd7 26. Nc1 Bb5 27. Nb3 h5 28. Rae1 Re8 29. h4 Rac8 30. Nc1 g6 31. Na2 Re7 32. Nc3 Bc6 33. Ne2 Rce8 34. Ng3 Bd7 35. Ne2 Ra8 36. Ra1 Rc8 37. Nc3 Bc6 38. Na4 Bxa4 39. Rxa4 Rc6 40. Ra1 Rc8 41. Rb3 e5 42. dxe5 fxe5 43. Rf1 Kg7 44. f5 Rf8 45. Rg3 Rf6 46. Rxg6+ Rxg6 47. fxg6 Kxg6 48. Rf8 Rf7 49. Rg8+ Kf6 50. Ke3 Rg7 51. Rf8+ Ke7 52. Rf5 Ke6 53. Rxh5 d4+ 54. Kf3 Rf7+ 55. Ke2 Rg7 56. Kf3 Kd5 57. g4 Re7 58. b3 Rf7+ 59. Ke2 Ke4 60. Rh8 d3+ 61. Kd2 Rf2+ 62. Kc1 Kd4 63. Rd8+ Kc3 64. Kb1 e4 65. b5 axb5 0-1